LEADER 02463nam 2200589 a 450 001 9910480353203321 005 20170816123329.0 010 $a1-322-30674-5 010 $a1-4522-6709-X 010 $a0-7619-2219-9 035 $a(CKB)2670000000260946 035 $a(EBL)996885 035 $a(OCoLC)809773580 035 $a(SSID)ssj0000675516 035 $a(PQKBManifestationID)12275724 035 $a(PQKBTitleCode)TC0000675516 035 $a(PQKBWorkID)10669883 035 $a(PQKB)10687656 035 $a(MiAaPQ)EBC996885 035 $a(OCoLC)1007860690 035 $a(StDuBDS)EDZ0000063725 035 $a(EXLCZ)992670000000260946 100 $a20120319d2003 fy| 0 101 0 $aeng 135 $aur|n|---||||| 181 $ctxt 182 $cc 183 $acr 200 00$aDeciphering cyberspace$b[electronic resource] $emaking the most of digital communication technology /$fLeonard Shyles [editor] 210 $aThousand oaks, Calif. ;$aLondon $cSAGE$dc2003 215 $a1 online resource (441 p.) 300 $aDescription based upon print version of record. 311 $a1-4522-3316-0 311 $a0-7619-2220-2 320 $aIncludes bibliographical references (p. 367-400) and index. 327 $aCOVER; CONTENTS; INTRODUCTION; 1 - RADIO AND TELEVISION BROADCASTING; 2 - COMPUTERS IN COMMUNICATION; 3 - SENDING MESSAGES ACROSS THE NETWORK; 4 - CHILDREN IN CYBERSPACE; 5 - SOCIAL AND PSYCHOLOGICAL USES OF THE INTERNET; 6 - CONNECTED LEARNING IN THE INFORMATION AGE; 7 - ADOPTING INSTRUCTIONAL TECHNOLOGIES; 8 - LAW AND REGULATION, PART I; 9 - LAW AND REGULATION, PART II; APPENDIX; GLOSSARY; REFERENCES; INDEX; ABOUT THE CONTRIBUTORS 330 8 $aBy examining its subject matter from the three perspectives of technology, markets, and policy, this book provides an impressively comprehensive view of the technical nature of cyberspace, its social impact, and legal significance for individuals, institutions, and society. 606 $aTelecommunication$xHistory 606 $aCyberspace 606 $aInformation society 608 $aElectronic books. 615 0$aTelecommunication$xHistory. 615 0$aCyberspace. 615 0$aInformation society. 676 $a302.234 701 $aShyles$b Leonard$f1948-$01049003 801 0$bStDuBDS 801 1$bStDuBDS 906 $aBOOK 912 $a9910480353203321 996 $aDeciphering cyberspace$92477689 997 $aUNINA LEADER 01124nam a2200277 a 4500 001 991003914979707536 008 020 $a9788815273666 035 $ab14408363-39ule_inst 040 $aDip.to di Storia, Società e Studi sull'Uomo$bita 082 0 $a382.4567739 100 1 $aCardini, Franco$d<1940- >$037956 245 3$aLa via della seta :$buna storia millenaria tra Oriente e Occidente /$cFranco Cardini, Alessandro Vanoli 260 $aBologna :$bIl mulino,$c2017 300 $a337 p. ;$c21 cm 490 0 $aIntersezioni ;$v489 500 $aInclude n. 4 carte geografiche 650 $aCina$xRelazioni commerciali [con l'] Europa 650 4$aSeta$xCommercio$xStoria 700 1 $aVanoli, Alessandro$eauthor$4http://id.loc.gov/vocabulary/relators/aut$0515301 907 $a.b14408363$b15-01-21$c15-01-21 912 $a991003914979707536 945 $aLE023 382.456 CAR 1 1$g1$i2023000188958$lle023$op$pE16.00$q-$rl$s- $t0$u0$v0$w0$x0$y.i15947579$z15-01-21 996 $aVia della seta$91505532 997 $aUNISALENTO 998 $ale023$b15-01-21$cm$da $e-$fita$git $h3$i0